Представление документа в формате MARC21

Поле Инд. ПП Название Значение
Тип записи a
Библиографический уровень m
001 _ Контрольный номер RU\infra-m\znanium\bibl\1020633
005 _ Дата корректировки 20250915104113.4
008 Кодируемые данные 210128s2020 RU g rus u
020 a ISBN 978-5-16-015242-4
020 a ISBN 978-5-16-109352-8
040 a Служба первич. каталог. Общество с ограниченной ответственностью «ЗНАНИУМ»
041 a Код языка текста rus
044 a Код страны публикации RU
080 a Индекс УДК 330(075.8)
084 2 Источник индекса rubbk
a Индекс другой классификации/Индекс ББК 65я73
084 2 Источник индекса okso
a Индекс другой классификации/Индекс ББК 38.03.01
084 2 Источник индекса okso
a Индекс другой классификации/Индекс ББК 38.03.05
084 2 Источник индекса okso
a Индекс другой классификации/Индекс ББК 38.03.06
084 2 Источник индекса okso
a Индекс другой классификации/Индекс ББК 38.03.07
084 2 Источник индекса okso
a Индекс другой классификации/Индекс ББК 38.03.02
084 2 Источник индекса okso
a Индекс другой классификации/Индекс ББК 38.03.04
084 2 Источник индекса okso
a Индекс другой классификации/Индекс ББК 38.03.03
084 2 Источник индекса okso
a Индекс другой классификации/Индекс ББК 38.03.10
100 1_ a Автор Резник Семен Давыдович
q Полное имя Семен Давыдович
245 a Заглавие Экономика
b Продолж. заглавия Учебное пособие
c Ответственность Пензенский государственный университет архитектуры и строительства
250 g перераб. и доп.
a Основные сведения об издании 3
260 a Место издания Москва
b Издательство ООО "Научно-издательский центр ИНФРА-М"
c Дата издания 2021
300 a Объем 236 с.
520 a Аннотация В учебном пособии даются основы экономических знаний, а также рассматриваются технологии, позволяющие студентам младших курсов активно включиться в учебный процесс и практическую деятельность, получить престижную работу еще в период обучения в вузе.
521 a Примеч. о целев. назн. ВО - Бакалавриат
650 a Основная рубрика Экономика. Бухгалтерский учет. Финансы
x Основная подрубрика Общая экономическая теория
700 1_ a Другие авторы Мебадури Зураб Анзорович
q Полное имя Зураб Анзорович
852 x Примечание, не предназначенное для пользователя znanium2022
856 4_ a Имя сервера/домена znanium.com
m Помощь ebs_support@infra-m.ru
n Местонахождение сервера НИЦ ИНФРА-М
u URL http://znanium.com/catalog/document?id=372329
z Примечание для пользователя Участвует в КО
856 41 a Имя сервера/домена znanium.com
d Путь /cover/1020
f Электронное имя 1020633.jpg
q Тип электронного формата image/jpeg
u URL https://znanium.com/cover/1020/1020633.jpg